Human genetics: a problem based approach
I tiakina i:
| Kaituhi matua: | |
|---|---|
| Hōputu: | Pukapuka |
| Reo: | Ingarihi |
| I whakaputaina: |
Malden
Blackwell Science
1996
|
| Ngā marau: | |
| Ngā Tūtohu: |
Tāpirihia he Tūtohu
Kāore He Tūtohu, Me noho koe te mea tuatahi ki te tūtohu i tēnei pūkete!
|
MARC
| LEADER | 00000nam a2200000 a 4500 | ||
|---|---|---|---|
| 001 | UCQ2979 | ||
| 003 | CL-VaPUC | ||
| 008 | 980817e19960000us |||||||||||||||||eng|d | ||
| 082 | 0 | 4 | |a 575.1 |b KOR |2 21 |
| 100 | 0 | |a Korf, Bruce R |e author |9 417023 | |
| 245 | 1 | 0 | |a Human genetics: a problem based approach |
| 300 | |a 363 p | ||
| 942 | |c BK | ||
| 945 | |d 19980817 00:00:00 |a aarredon | ||
| 260 | |a Malden |b Blackwell Science |c 1996 | ||
| 650 | 0 | |a Genética |9 259443 | |
| 650 | 0 | |a Herencia |9 256325 | |
| 650 | 0 | |a Metabolismo |9 259893 | |
| 650 | 0 | |a Genes |9 330314 | |
| 650 | 7 | |a MUTACION |2 CL-VaPUC |9 344072 | |
| 650 | 0 | |a Cromosomas |9 344073 | |
| 583 | |a last modification |c 20171005 12:05:45 |k Rodrigo Vera | ||
| 999 | |c 273669 |d 273667 | ||
| 952 | |0 0 |1 0 |4 0 |6 575_100000000000000_KOR_1996 |7 0 |8 A |9 309465 |a BIBCUR |b BIBCUR |d 2019-11-20 |i 3449580 |o 575.1 KOR 1996 |p 3449580 |r 2025-04-22 |w 2019-11-20 |y BK |k BCB | ||